000 00770nam a2200205Ii 4500
003 JO-AjNU
008 230605s9999||||xx |||||||||||||| ||und||
017 _a1993/5/502
040 _aJO-AjNU
_bara
_erda
_cJO-AjNU
041 _aara
050 1 4 _aDS207.B9412 2005
100 3 _aبيركهارت، جون لويس؛ ترجمة أبو غوش، فيصل أديب,
_eauthor
_949506
245 0 0 _aرحلات في الديار المقدسة والتوبة والحجاز، الجزء الأول
264 3 1 _aعمان: (د.ن)، 2005
300 _aج1، 544ص
336 _atext
_btxt
_2rdacontent
337 _aunmediated
_bn
_2rdamedia
338 _avolume
_bnc
_2rdacarrier
650 4 _aشبة الجزيرة العربي - رحلات، الحجاز رحلات
_949507
999 _aA21748
_c25316
_d25316